000 nam a22 7a 4500
999 _c15957
_d15957
008 161107b xxu||||| |||| 00| 0 eng d
020 _a9780205862733
050 _aBF 637.C45 .B44 2014
100 _aBeebe, Steve A.
_d2014
245 _aInterpersonal communication :
_brelating to others/
_cSteven A Beebe; Susan J Beebe; Mark V Redmond
250 _a7th ed
260 _aBoston :
_bPearson,
_c2014.
300 _axvi, 416 pages ;
_bill.;
_c26cm.
521 _aIncludes index.
650 _aInterpersonal communication.
700 _aBeebe, Susan J.
700 _aRedmond, Mark V.
942 _2lcc
_cBOOKS
_hBF 637.C45 .B44 2014